| 000 | 00645nam a22001457a 4500 | ||
|---|---|---|---|
| 020 | _a978-93-85-03-1656 | ||
| 082 |
_a823 _bHAW/S |
||
| 100 | _aHAWTHORNE, NATHANIEL | ||
| 245 | _aTHE SCARLET LETTER | ||
| 260 |
_aUTTARLREDESH _bOM BOOKS INTERNATIONAL _c2016 |
||
| 300 | _a240 | ||
| 520 | _aSet in the Puritan Massachusetts Bay Colony during the years 1642 to 1649, the novel tells the story of Hester Prynne, who conceives a daughter with a man to whom she is not married and then struggles to create a new life of repentance and dignity. As punishment, she must wear a scarlet letter 'A' (for "adultery"). | ||
| 650 | _aSHORT STORY | ||
| 942 | _cBK | ||
| 999 |
_c6829 _d6829 |
||